Succeeding in the world of work : Student activity workbook
| Main Authors: | , |
|---|---|
| Format: | Section = Libro |
| Language: | Undetermined Spanish |
| Published: |
Estados Unidos
México
2003
|
| Edition: | 7a.ed |
| Subjects: |
| LEADER | 00617nam a2200229Ia 4500 | ||
|---|---|---|---|
| 008 | 240830s9999 xx 000 0 und d | ||
| 020 | |a 0-07-8280-33-8 | ||
| 040 | |a B-ESTELÍ- RUACS / 331.01 K49 | ||
| 041 | |a spa | ||
| 082 | |a 331.01 K49 | ||
| 100 | 1 | |a Kimbrell, Grady | |
| 100 | 1 | |b Vineyard, Ben S | |
| 245 | 1 | 0 | |a Succeeding in the world of work : Student activity workbook |
| 250 | |a 7a.ed | ||
| 260 | |a Estados Unidos |b México |c 2003 | ||
| 300 | |a 551 p:il | ||
| 650 | 7 | |a EL MUNDO LABORAL | |
| 650 | 7 | |b DESAROLLO LABORAL | |
| 650 | 7 | |c DESARROLLANDO ACTITUDES | |
| 942 | |c BK |2 ddc | ||
| 991 | |a TEXTO | ||
| 999 | |c 10731 | ||